Dworce PKP w Polsce - Statystyki

Ogólne statystyki
  • Ten quiz został rozwiązany 8 razy
  • Średni wynik to 8 z 16
Statystyki odpowiedzi
Obrazkowy Odpowiedź % Poprawnych
Łódz Fabryczna
100%
Gdańsk Główny
86%
Kraków Główny
86%
Warszawa Centralna
86%
Wrocław Główny
86%
Hel
57%
Lublin Główny
57%
Włocławek
57%
Częstochowa
43%
Gdynia Wzgórze Świętego Maksymiliana
43%
Łowicz Główny
43%
Sopot
29%
Tczew
14%
Kutno
0%
Łęczyca
0%
Władysławowo
0%
Nie znaleziono quizów pasujących do podanych kryteriów
Rozkład punktacji
Procent ludzi z każdym wynikiem
Percentyl według liczby udzielonych odpowiedzi
Twoja historia wyników
Nie rozwiązałeś tego quizu